000 00272nam a22001097a 4500
008 170123b xxu||||| |||| 00| 0 eng d
020 _a0397541503
041 _aeng
080 _a618.2
245 _aTHE LIPPINCOT MANUAL OF NURSING PRACTICE
_cLIPPINCOT, J.B
942 _2udc
_cBK
999 _c3347
_d3347